000 00241nam a2200097Ia 4500
001 689681
005 20250826161639.0
008 250824s9999 xx 000 0 und d
245 0 _aMOR MÜREKKEP
_cNAZAN BEKİROĞLU
260 _bTİMAŞ YAYINLARI
999 _c689681
_d689681